000 00727cab a2200205 4500
001 WB3410-33
008 090401t1998 xxu||||| |||| 00| 0 eng d
035 _a(Sirsi) u84859
041 _aeng
245 _aBuy-to-let gains momentum
260 _c1998
350 _a0
490 _aEstate Agency News
_v(132) March 1998, 11(1)
520 _aThe ARLA buy-to-let scheme launched two years ago, is finding more potential investor landlords actively looking for the most competitive interest rates and mortgage packages. For more information ph. 01923896555 ARLA.
650 _aASSOCIATION OF RESIDENTIAL LETTING AGENTS
650 _aBUY-TO-LET SCHEMES
690 _aHOUSING-FINANCE
942 _n0
948 _c13/03/1998
999 _c53365
_d53365